000 00463nam a2200157Ia 4500
008 230917s9999||||xx |||||||||||||| ||und||
040 _e79972
_aMAIN
041 _aEnglish
082 _a343.0944 B469C
100 _aBhatnagar, J P
245 0 _aCommentary on the motor vehicles act 1988: as amended by act 54 of 1994 the motor vehicles rules 1989
250 _a3rd ed.
260 _aNew Delhi
_bAshoka Law House
_c1998
300 _axc, 1126 p.
942 _cBK
999 _c104156
_d104156